| 000 | 00397cam a2200157ua 4500 | ||
|---|---|---|---|
| 041 |
_amal _h |
||
| 082 |
_a494.812 _bCHA/PR |
||
| 100 | _aChattambiswamikal, . | ||
| 245 |
_aPracheena malayalam, Part- 1 / _cChattambiswamikal. _hTextual Documents |
||
| 250 |
_a1 / _b. |
||
| 260 |
_aThrissur : _bCurrent Books , _c1961. |
||
| 300 | _a168 ; . | ||
| 504 | _a | ||
| 942 | _cBK | ||
| 999 |
_c4007 _d4007 |
||